Historia del pensamiento español : (Extracto del 'Cursillo de conferencias de Extensión Cultural', curso 1942-43, publicado por la Asociación de la Prensa de Barcelona) / Pedro Font Puig (Extracto del 'Cursillo de conferencias de Extensión Cultural', curso 1942-43, publicado por la Asociación de la Prensa de Barcelona) / Pedro Font Puig
Descripción Física:
52 p. ; 22 cm
Materias:
Filosofia -- Espanya
MARC
| LEADER | 00000nam a2200000Ia 4500 | ||
|---|---|---|---|
| 001 | 11314 | ||
| 003 | BGR | ||
| 005 | 20260324175251.0 | ||
| 008 | 160829s1944 xx 000 0 cat d | ||
| 080 | |a M-3-396 | ||
| 100 | |a Font Puig, Pedro |9 23988 | ||
| 245 | |a Historia del pensamiento español : |b (Extracto del 'Cursillo de conferencias de Extensión Cultural', curso 1942-43, publicado por la Asociación de la Prensa de Barcelona) / Pedro Font Puig | ||
| 260 | |a Barcelona : |b (Imprenta - Escuela Casa P. de Caridad), |c 1944 | ||
| 300 | |a 52 p. ; |c 22 cm | ||
| 650 | |a Filosofia |x Espanya |9 23989 | ||
| 710 | 2 | |9 70377 |a Asociación de la Prensa de Barcelona | |
| 901 | |a Arxiu | ||
| 942 | |n 1 |2 udc |c MON | ||
| 952 | |0 0 |1 0 |4 0 |6 M3396 |7 1 |9 42941 |a Arxiu |b Arxiu |d 2016-12-01 |l 0 |o M-3-396 |p 11314 |r 2016-12-01 00:00:00 |w 2016-12-01 |y ARXIU | ||
| 999 | |c 45447 |d 45447 | ||